000 00527nam a2200193 a 4500
001 23996
003 CO-ViMGA
008 141112s2004 ck r 000 u spa d
020 _a8496263053
040 _aCO-ViMGA
_bspa
_cCO-ViMGA
082 0 4 _a712.25 R641d
100 1 _aRojals, Marta
_934871
245 1 0 _aDesing for fun :
_bplaygrounds /
_cMarta Rojals
260 _aEspaña :
_bLinks
300 _a299p.
650 1 4 _aAREAS DE JUEGOS INFANTILES
_934872
650 1 4 _aPARQUES INFANTILES - DISEÑO
_934873
942 _2ddc
_cBK
999 _c32057
_d32057